Análisis psicosocial del prejuicio / (Record no. 91053)

MARC details
000 -CABECERA
campo de control de longitud fija 00649nam a2200205 a 4500
005 - FECHA Y HORA DE LA ÚLTIMA TRANSACCIÓN
campo de control 20240207063558.0
008 - ELEMENTOS DE LONGITUD FIJA--INFORMACIÓN GENERAL
campo de control de longitud fija 020828s1996 mx r 000 0 spa d
020 ## - NÚMERO INTERNACIONAL NORMALIZADO PARA LIBROS
Número Internacional Estándar del Libro 8477383901
035 ## - NÚMERO DE CONTROL DEL SISTEMA
Número de control de sistema UPN01000118687
049 ## - COLECCIÓN
Colección CG
050 #4 - SIGNATURA TOPOGRÁFICA DE LA BIBLIOTECA DEL CONGRESO
Número de clasificación BF575 P9
Número de documento/Ítem M3.2
100 1# - ASIENTO PRINCIPAL--NOMBRE PERSONAL
Nombre de persona Martínez Martínez, María del Carmen,
Fechas asociadas al nombre 1962-
245 10 - MENCIÓN DE TÍTULO
Título Análisis psicosocial del prejuicio /
Mención de responsabilidad, etc. María del Carmen Martínez Martínez.
260 ## - PUBLICACIÓN, DISTRIBUCIÓN, ETC.
Lugar de publicación, distribución, etc. Madrid :
Nombre del editor, distribuidor, etc. Síntesis,
Fecha de publicación, distribución, etc. 1996.
300 ## - DESCRIPCIÓN FÍSICA
Extensión 235 p.
440 #0 - MENCIÓN DE SERIE/ASIENTO SECUNDARIO--TÍTULO
Título Síntesis psicología.
Nombre de parte o sección de la obra Psicología social ;
Designación de volumen o secuencia 3
650 #2 - ASIENTO SECUNDARIO DE MATERIA - TERMINO TEMATICO
Término de materia o nombre geográfico como elemento de entrada Prejuicios y antipatías
9 (RLIN) 6606
650 #7 - ASIENTO SECUNDARIO DE MATERIA - TERMINO TEMATICO
Término de materia o nombre geográfico como elemento de entrada Discriminación racial
Fuente del encabezamiento o término
9 (RLIN) 4625
905 ## - TIPO DE MATERIAL
Tipo de material Libro
Holdings
Estado de retiro Estado de pérdida Fuente del sistema de clasificación o colocación Estado dañado No para préstamo Código de colección Localización permanente Ubicación/localización actual Ubicación en estantería Total de préstamos Clasificación Código de barras Fecha visto por última vez Número de copia Tipo de ítem Koha Fecha del último préstamo
    Library of Congress Classification     Colección General Bib. Gregorio Torres Quintero Bib. Gregorio Torres Quintero Planta baja 22 BF575 P9 M3.2 196517 31/12/2020 1 Libro  
    Library of Congress Classification   Encuadernación Colección General Bib. Gregorio Torres Quintero Bib. Gregorio Torres Quintero Planta baja 34 BF575 P9 M3.2 195316 31/12/2020 1 Libro  
    Library of Congress Classification     Colección General Bib. Gregorio Torres Quintero Bib. Gregorio Torres Quintero Planta baja 33 BF575 P9 M3.2 193773 21/03/2025 1 Libro 10/03/2025
    Library of Congress Classification     Colección General Bib. Gregorio Torres Quintero Bib. Gregorio Torres Quintero Planta baja 29 BF575 P9 M3.2 193774 31/12/2020 1 Libro